| 000 | 00629nam a2200205 a 4500 | ||
|---|---|---|---|
| 005 | 20250221063812.0 | ||
| 008 | 020617s2008 mx r 000 0 spa d | ||
| 020 | _a9789685830973 | ||
| 035 | _aUPN01000117856 | ||
| 049 | _aCG | ||
| 050 | 4 |
_aHQ769 _bR5.3 |
|
| 100 | 1 |
_aRigby, Jill M. _938695 |
|
| 245 | 1 | 0 |
_aEducar hijos respetuosos en un mundo irrespetuoso / _cJill Rigby ; tr. Luisa Lassaque. |
| 260 |
_aMéxico : _bLumen, _c2008. |
||
| 300 | _a269 p. | ||
| 534 |
_pTítulo original: _tRaising respectful children in a disrespectful world |
||
| 650 | 4 |
_aCrianza de niños _96222 |
|
| 650 | 2 |
_aRespeto _94166 |
|
| 905 | _aLibro | ||
| 999 |
_c90277 _d90277 |
||